| 000 | 00512pam a2200205 a 4500 | ||
|---|---|---|---|
| 020 | _c | ||
| 040 | _aMedical College Lib. | ||
| 041 |
_aENG _hENG |
||
| 082 |
_a616.994 _bFOL |
||
| 100 | _aFoley, John F. . | ||
| 245 |
_aCurrent Therapy in Cancer / _c _hTextual Documents |
||
| 250 |
_a2nd / _b. |
||
| 260 |
_a : _bW. B. Saunders , _c1999. |
||
| 300 |
_a139 ; _c |
||
| 365 | _a3,996=00 | ||
| 653 | _aMedical Science | ||
| 930 | _a3100 | ||
| 999 |
_c3099 _d3099 |
||